|
|
|
|
| LEADER |
00000nam0a2200000 4500 |
| 001 |
213450 |
| 005 |
20231031193119.0 |
| 035 |
|
|
|a (RuTPU)RU\TPU\book\233245
|
| 090 |
|
|
|a 213450
|
| 100 |
|
|
|a 20120411d1971 km y0rusy50 ca
|
| 101 |
0 |
|
|a rus
|
| 102 |
|
|
|a RU
|
| 105 |
|
|
|a a z 000zy
|
| 200 |
1 |
|
|a Метод координат
|f И. М. Гельфанд, Е. Г. Глаголева, А. А. Кириллов
|
| 205 |
|
|
|a 4-е изд., перераб.
|
| 210 |
|
|
|a Москва
|c Наука
|d 1971
|
| 215 |
|
|
|a 88 с.
|c ил.
|
| 225 |
1 |
|
|a Библиотечка физико-математической школы. Математика
|h Вып. 1
|
| 610 |
1 |
|
|a координаты
|
| 610 |
1 |
|
|a метод координат
|
| 610 |
1 |
|
|a точка
|
| 610 |
1 |
|
|a плоскость
|
| 610 |
1 |
|
|a пространство
|
| 610 |
1 |
|
|a куб
|
| 675 |
|
|
|a 514.11
|v 3
|
| 700 |
|
1 |
|a Гельфанд
|b И. М.
|g Израиль Моисеевич
|
| 701 |
|
1 |
|a Глаголева
|b Е. Г.
|g Елена Георгиевна
|
| 701 |
|
1 |
|a Кириллов
|b А. А.
|g Александр Александрович
|
| 801 |
|
1 |
|a RU
|b 63413507
|c 20120411
|
| 801 |
|
2 |
|a RU
|b 63413507
|c 20140117
|g RCR
|
| 942 |
|
|
|c BK
|